000 00355nam a2200133Ia 4500
008 100328s9999 xx 000 0 und d
082 _b14645
100 _aजाधव रा.ग.
245 _aनिळी पहाट
260 _bकल्पना
630 _aनिळी पहाट
730 _aनिळी पहाट
942 _cBOOK
999 _c509568
_d509565